| 000 | 01251cam a2200373 a 4500 | ||
|---|---|---|---|
| 999 |
_c17589 _d17589 |
||
| 001 | 13769959 | ||
| 003 | BDDh-ASL | ||
| 005 | 20240117062541.0 | ||
| 008 | 170611s2003 bg bs 001 0 eng | ||
| 010 | _a 2004329913 | ||
| 020 | _a9843208153 | ||
| 025 | _aB-E-2004-329913; 24 | ||
| 035 | _a(DLC) 2004329913 | ||
| 037 | _cTk400.00 ($20.00 U.S.) | ||
| 040 |
_aDLC _cBDDh-ASL _dBDDh-ASL |
||
| 042 | _alcode | ||
| 043 | _aa-bg--- | ||
| 050 | 0 | 0 |
_aKNG3411 _b.H35 2003 |
| 082 | 0 | 0 |
_a349.5492 _bHOA |
| 100 | 1 |
_aHaka, Kājī Ebādula, _d1936- _9365 |
|
| 245 | 1 | 0 |
_aAdministration of justice in Bangladesh / _cKazi Ebadul Hoque. |
| 260 |
_aDhaka : _bAsiatic Society of Bangladesh, _c2003. _c2006. _c2017. |
||
| 300 |
_aix, 314 p. ; _c25 cm. |
||
| 365 |
_aBDT _b400 |
||
| 440 |
_aAsiatic Society of Bangladesh publication; _vno. 94 _9312 |
||
| 504 | _aIncludes bibliographical references (p. [303]-306) and index. | ||
| 650 | 0 |
_aJustice, Administration of _zBangladesh. _9366 |
|
| 650 | 0 |
_aCourts _zBangladesh. _9367 |
|
| 650 | 0 |
_aJudicial statistics _zBangladesh. _9368 |
|
| 710 | 1 |
_aAsiatic Society of Bangladesh. _911 |
|
| 906 |
_a7 _bcbc _corigode _d3 _encip _f20 _gy-gencatlg |
||
| 942 |
_2ddc _cBK |
||